Statistics for Lana Del Rey - Violets for Roses Lyrics

Click here to take the quiz!

General Stats

  • This quiz has been taken 18 times
    (16 since last reset)
  • The average score is 368 of 411

Answer Stats

Answer% Correct
A
100%
a
100%
And
100%
and
100%
Ever
100%
fell
100%
for
100%
girls
100%
God
100%
ha)
100%
ha
100%
happy
100%
I
100%
In
100%
in
100%
it
100%
it's
100%
make
100%
me
100%
my
100%
of
100%
out
100%
roses
100%
since
100%
so
100%
summer
100%
the
100%
The
100%
violets
100%
with
100%
With
100%
You
100%
you
100%
air
92%
are
92%
back
92%
breeze
92%
dresses
92%
finally
92%
happening
92%
Is
92%
is
92%
just
92%
la
92%
like
92%
Like
92%
love
92%
made
92%
makes
92%
man
92%
something
92%
that
92%
There's
92%
this
92%
to
92%
trade
92%
Trade
92%
tried
92%
ah
83%
Ah
83%
(Ah
83%
all
83%
can
83%
change
83%
city
83%
does
83%
feel
83%
hate
83%
her
83%
knows
83%
masks
83%
mistake
83%
new
83%
off
83%
only
83%
Sparkling
83%
sparkling
83%
sweet
83%
their
83%
things
83%
truck
83%
woman
83%
big
75%
chose
75%
life
75%
lilies
75%
pink
75%
'round
75%
runnin'
75%
same
75%
simple
75%
take
75%
toes
75%
by
67%
doesn't
67%
Don't
67%
hope
67%
streets
67%
these
67%
valley
67%
avenue
58%
backbeat
58%
beginning
58%
bookstore
58%
boy
58%
doors
58%
opening
58%
Paramount
58%
real
58%
breakdance
50%
forget
50%
have
50%
playing
50%
smells
50%
sound
50%
tryna
50%
deafening
42%
haunt
42%
shadows
42%
sign
42%
silence
42%
still
33%
Village
33%
ceased
25%
Larchmont
25%
mayor
25%
rallies
17%
Rollses
17%

Score Distribution

Percentile by Number Answered

Percent of People with Each Score

Your Score History

You have not taken this quiz since the last reset